000 00677nam a2200193Ii 4500
003 JO-AjNU
008 230605s9999||||xx |||||||||||||| ||und||
040 _aJO-AjNU
_bara
_erda
_cJO-AjNU
041 _aara
050 1 4 _aPQ8180.17.A73.G46 1991
100 3 _aماركيز، جابريل غارسيا ؛ ترجمة محمد العبد حمود,
_eauthor
_916343
245 0 0 _aالجنرال في متاهة
264 3 1 _aبيروت: دار العودة، 1991
300 _a207ص
336 _atext
_btxt
_2rdacontent
337 _aunmediated
_bn
_2rdamedia
338 _avolume
_bnc
_2rdacarrier
650 4 _aالأدب العربي - ترجمة - قصص إسبانية
_916344
999 _aA4820
_c8388
_d8388